| 000 | 00481nam a2200181Ia 4500 | ||
|---|---|---|---|
| 005 | 20250508160452.0 | ||
| 008 | 008 250505s9999 xx 000 0 eng d | ||
| 037 | _aTextual | ||
| 040 |
_aFEDL _beng _cFEDL |
||
| 041 |
_aeng _2eng |
||
| 084 |
_aB, KHU _qFEDL |
||
| 100 |
_aSamnani Saiyid Ghulam _9768578 |
||
| 245 | 0 | _aAmir khusrau | |
| 260 |
_aNew Delhi, India _bNational Book Trust _c1968 |
||
| 300 | _a78p. | ||
| 942 |
_cTEXL _hB, KHU |
||
| 999 |
_c1364795 _d1364795 |
||